00773nam a22002057a 4500003000500000005001700005008004100022010001000063011001000073035001000083040000900093100003700102245019500139260004100334300002000375502008500395650003700480650002800517650002200545CHAP20250828090232.0981204d1998 mx r 00110 spa d a76793 a77765 a87450 cCHAP10aTrejo Gutiérrez, Rufina Yaneth10aEstudio de factibilidad técnico.económica para la ampliación de la capacidad de un taller de quesos en San Miguel Caltepantla, Tecozautla, Hidalgoc/por Rufina Yaneth Trejo Gutiérrez aChapingo, Méx. :bEl autor,c1998. a88 h. ;banexos aTesis (Ing. Agroindustrial) -- UACH. Departamento de Ingeniería Agroindustrial14aIndustrias AgrícolasxHidalgo.14aProyectos industriales.14aQuesoxProcesado.